| 000 | 01116nam0a22002531 4500 | ||
|---|---|---|---|
| 001 | rc\655070 | ||
| 005 | 20250621201029.0 | ||
| 035 | _a(NLR Aleph) 005894746 | ||
| 090 |
_a6214511 _c6214511 |
||
| 100 | _a20031121d1986 |||y0rusy50 ca | ||
| 101 | 0 | _arus | |
| 102 | _aRU | ||
| 105 | _ay ||||||||| | ||
| 200 | 1 |
_aПрактика организации социалистического соревнования в совхозе "Гибридный" ЭПО "Поволжское" Куйбышевской области _f[П.В. Храмцов, к. э. н., В.А. Хромов, В.С. Абрамов, зоотехник] _gВДНХ СССР, Гос. агропром. ком. РСФСР, Всерос. отд-ние ВАСХНИЛ, Всерос. НИИ экономики труда и упр. в сел. хоз-ве |
|
| 210 |
_aМ. _cВНИЭТУСХ _d1986 |
||
| 215 |
_a14 с. _d20 |
||
| 700 | 1 |
_aХрамцов _bВ.П. |
|
| 701 | 1 |
_aХромов _bВ.А. |
|
| 701 | 1 |
_aАбрамов _bВ.С. |
|
| 801 | 0 |
_aRU _bNLR _gpsbo |
|
| 801 | 1 |
_aRU _bELAR _2rusmarc |
|
| 852 |
_aNLR _j88-4/7456 |
||
| 942 | _cBOOK | ||
| 980 | _aNB | ||